00754nam 2200181 45000010005000000900009000051000041000141010008000552000109000632100081001722150020002533000015002736060031002886060033003197100117003528010020004699950083004896071 a6071 a20190729k u||y0frey50 ba ager aDie sieben Illusionen über die AtomenergiebBrochurefAerzte für soziale Verantwortung (PSR-Schweiz) bPostfach 1040, 4001 Basel cAerzte für soziale Verantwortung (PSR-Schweiz) a51 p. d30 cm.  aSans date. 9648aNucléaire (Energie) 95576aNucléaire (Armement) 95780aPSR/IPPN SchweizbÄrztinnen u. Ärtze für soziale Verantwortung und zur Verhütung eines Atomkrieges aCHbCH-002049-8 10203052026-06-1297050bARCHICcARCHICeBrochuresf7896hCATkBroch 2728o0